| 000 | 00418nam a22001457a 4500 | ||
|---|---|---|---|
| 008 | 230410b |||||||| |||| 00| 0 eng d | ||
| 040 |
_aNational Science Library _cNational Science Library |
||
| 080 |
_a809.51-5(082.2) _bL5,1 |
||
| 245 |
_aSymposium on Chinese grammar _c/ Curzon Press |
||
| 260 |
_aLondon: _bCurzon Press, _c1971 |
||
| 300 | _a174p. | ||
| 650 | _aManagement | ||
| 653 | _aGrammar | ||
| 942 |
_2udc _cSYM |
||
| 999 |
_c20146 _d20146 |
||